| Tag |
First Indicator |
Second Indicator |
Subfields |
| LEADER |
00000cam a2200000 a 4500 |
| 001 |
in00000074648 |
| 005 |
20151008053616.0 |
| 008 |
800107s1979 dcub b 00100 eng d |
| 010 |
|
|
|a 78062896
|
| 020 |
|
|
|a 0819107131
|
| 035 |
|
|
|a (OCoLC)05848602
|
| 035 |
|
|
|9 AAH8011AM
|
| 040 |
|
|
|a COO
|c COO
|d TXA
|d UtOrBLW
|
| 049 |
|
|
|a TXAM
|c [1329194]
|
| 090 |
|
|
|a DT497
|b .G96
|
| 090 |
|
|
|a DT543.7
|b .G94
|
| 245 |
0 |
0 |
|a Guinea journals :
|b journeys into Guinea-Conakry during the Sierra Leone phase, 1800-1821 /
|c edited, with an introdction by Bruce L. Mouser.
|
| 264 |
|
1 |
|a Washington, D.C. :
|b University Press of America,
|c [1979]
|
| 264 |
|
4 |
|c ©1979
|
| 300 |
|
|
|a viii, 280 pages :
|b maps ;
|c 23 cm.
|
| 336 |
|
|
|a text
|b txt
|2 rdacontent
|
| 337 |
|
|
|a unmediated
|b n
|2 rdamedia
|
| 338 |
|
|
|a volume
|b nc
|2 rdacarrier
|
| 504 |
|
|
|a Includes bibliographical references and indexes.
|
| 505 |
0 |
|
|a Guinea-Conakry during the Sierra Leone phase, 1750 to 1850 -- Richard Bright journal, September and October 1802 -- Alexander Smith journal, December 1802 -- Brian O'Beirne journal, January to April 1821.
|
| 651 |
|
0 |
|a Guinea
|x Description and travel.
|
| 651 |
|
0 |
|a Sierra Leone
|x Description and travel.
|
| 700 |
1 |
|
|a Mouser, Bruce L.
|
| 999 |
|
|
|a MARS
|
| 999 |
f |
f |
|s adccf89b-a338-3647-8a97-27dd26ea4814
|i f5461995-237c-3723-93e3-58d71174e9ef
|t 0
|
| 952 |
f |
f |
|p ric
|a Texas A&M University
|b Rellis Campus
|c Joint Library Facility
|d Remote Storage
|t 0
|e DT543.7 .G94
|h Library of Congress classification
|i unmediated -- volume
|m A14806103382
|
| 998 |
f |
f |
|a DT543.7 .G94
|t 0
|l Remote Storage
|